000 01328 a2200241 4500
005 20080922104123.0
008 080922t xxu||||| |||| 00| 0 hin d
010 _aHIN-81284
020 _a8188099570
_c225.00
035 _aHN-53630
037 _bD.B.Act / ven
082 _a181.499
245 _aसाधना पथःजीवन के परम लक्ष्य को प्राप्त करने के सुगम मार्ग
_cसंकलन एवं संपादक गंगा प्रसाद शर्मा
246 _aShadhna Path
_bEd by Ganga Prasad Sharma
260 _aदिल्ली
_bमनोज पब्लिकेशन्स
_c2007
260 _aजयपुर
_bअनु प्रकाशन (वितरक)
270 _aमनोज
270 _a958, धामाणी मार्केट की गली, चौड़ा रास्ता
300 _a190पृ
_c22 सेमी (सजिल्द)
700 _aशर्मा, गंगा प्रसाद
942 _adpl
_cHN
_k181.499 / साधना
_2ddc
_h181.499
_mसाधना
999 _c8073
_d8073